Smallest First Level Administrative Divisions of Countries - Statistics

General Stats
  • This quiz has been taken 26 times
    25 since last reset
  • The average score is 11 of 50
Answer Stats
Area Country Sub-Division % Correct
0.2 km² Monaco Monaco-Ville
87%
0.61 km² Monaco Monte-Carlo
87%
7.09 km² San Marino San Marino
78%
1.5 km² Nauru Yaren District
57%
2.4 km² Tuvalu Funafuti
39%
0.34 km² Monaco Fontvieille
26%
0.3 km² Monaco La Condamine
26%
0.34 km² Monaco Larvotto
26%
0.18 km² Monaco La Colle
22%
0.18 km² Monaco La Rousse
22%
0.1 km² Monaco Moneghetti
22%
0.14 km² Monaco Saint Michael
22%
4.86 km² San Marino Acquaviva
17%
5.46 km² San Marino Chiesanuova
17%
6.62 km² San Marino Domagnano
17%
7.75 km² San Marino Faetano
17%
6.57 km² San Marino Fiorentino
17%
6.1 km² Liechtenstein Gamprin
17%
0.08 km² Monaco Les Révoires
17%
7.5 km² Liechtenstein Mauren
17%
3.31 km² San Marino Montegiardino
17%
3.0 km² Tuvalu Nanumanga
17%
0.4 km² Tuvalu Niulakita
17%
2.53 km² Tuvalu Niutao
17%
5.3 km² Liechtenstein Planken
17%
3.5 km² Liechtenstein Schellenberg
17%
3.12 km² Palau Sonsorol
17%
1.1 km² Nauru Aiwo District
13%
1.5 km² Nauru Anabar District
13%
1 km² Nauru Anetan District
13%
3.1 km² Nauru Anibare District
13%
1.2 km Nauru Baitsi District
13%
0.5 km² Nauru Boe District
13%
2.6 km² Nauru Buada District
13%
0.9 km² Nauru Denigomodu Dist.
13%
1.2 km² Nauru Ewa District
13%
0.9 km² Palau Hatohobei
13%
1.1 km² Nauru Ijuw District
13%
1.4 km² Palau Kayangel
13%
3.1 km² Nauru Meneng District
13%
3.87 km² Tuvalu Nanumea
13%
1.6 km² Nauru Nibok District
13%
3.37 km² Tuvalu Nui
13%
2.99 km² Tuvalu Nukufetau
13%
1.82 km² Tuvalu Nukulaelae
13%
1.6 km² Ant. & Barb. Redonda
13%
7.38 km² Liechtenstein Ruggell
13%
0.8 km² Nauru Uaboe District
13%
5.6 km² Tuvalu Vaitupu
13%
4 km² St. Kitts & N. St. Paul Charlest.
9%
No matching quizzes found
Score Distribution
Percent of People with Each Score
Percentile by Number Answered
Your Score History
You have not taken this quiz since the last reset